[Event "POL-chT 1st League"]
[Site "Leba"]
[Date "2023.09.26"]
[Round "4.8"]
[White "Pacan Milej, Kosma"]
[Black "Lewtak, Damian"]
[Result "1-0"]
[WhiteElo "2412"]
[BlackElo "2365"]
[PlyCount "101"]
[EventDate "2023.09.23"]
[EventType "team-swiss"]
[EventRounds "9"]
[EventCountry "POL"]
[SourceTitle "EXT 2024"]
[Source "ChessBase"]
[SourceDate "2023.10.10"]
[SourceVersion "1"]
[SourceVersionDate "2023.10.10"]
[SourceQuality "1"]
[WhiteTeam "Opole Rodlo"]
[BlackTeam "Debica Gryf"]
[WhiteTeamCountry "POL"]
[BlackTeamCountry "POL"]

1. d4 Nf6 2. c4 e6 3. Nc3 Bb4 4. e3 0-0 5. Bd3 d5 6. Nf3 b6 7. cxd5 exd5 8. 0-0 Bb7 9. Ne5 Nbd7 10. f4 c5 11. Bd2 Ne4 12. Nxe4 dxe4 13. Bc4 Bxd2 14. Qxd2 Qe7 15. Rfd1 cxd4 16. Nxd7 Qxd7 17. Qxd4 Qe7 18. Qd7 Qc5 19. Rd4 Bc6 20. Qc7 b5 21. b4 Qb6 22. Qxb6 axb6 23. Bb3 Rfd8 24. Rc1 Rxd4 25. exd4 Bd7 26. Rc7 Rd8 27. Kf2 Kf8 28. Ke3 Ke7 29. Rb7 f5 30. Rxb6 Rc8 31. Kd2 Ra8 32. d5 Rc8 33. Ra6 Kf7 34. h3 Ke7 35. Rb6 Kd8 36. d6 Ke8 37. Ke3 Rc6 38. Rxc6 Bxc6 39. Be6 g6 40. Bg8 h6 41. g3 Bd7 42. Kd4 Kf8 43. Bd5 Kg7 44. Ke5 g5 45. Bb3 Kg6 46. Bd1 Kf7 47. Bh5+ Kg7 48. a3 Kf8 49. Kf6 g4 50. hxg4 fxg4 51. f5 1-0

[Event "Titled Tuesday intern op 18th Jul Late"]
[Site "Chess.com INT"]
[Date "2023.07.18"]
[Round "3"]
[White "Pakhomova, Ekaterina"]
[Black "Lewtak, Damian"]
[Result "0-1"]
[WhiteElo "2030"]
[BlackElo "2365"]
[PlyCount "160"]
[EventDate "2023.07.18"]
[EventType "swiss (blitz)"]
[EventRounds "11"]
[EventCountry "USA"]
[SourceTitle "EXT 2024"]
[Source "ChessBase"]
[SourceDate "2023.10.10"]
[SourceVersion "1"]
[SourceVersionDate "2023.10.10"]
[SourceQuality "1"]

1. e4 a6 2. d4 e6 3. Nc3 b6 4. f4 Bb7 5. Nf3 Bb4 6. Bd3 Nf6 7. Qe2 d5 8. e5 Ne4 9. Bd2 Nxd2 10. Qxd2 c5 11. a3 Ba5 12. 0-0 Nc6 13. Qf2 cxd4 14. Ne2 b5 15. Nfxd4 Nxd4 16. Nxd4 g6 17. c3 Bb6 18. a4 bxa4 19. Rxa4 0-0 20. Rfa1 a5 21. Qc2 Qh4 22. Qf2 Qe7 23. Kh1 f6 24. Qe3 Rae8 25. Bb5 fxe5 26. Qxe5 Bc7 27. Qe2 Bxf4 28. Bxe8 Rxe8 29. Qxe6+ Qxe6 30. Nxe6 Bd6 31. Nd4 Bc7 32. b4 axb4 33. Rxb4 Bc8 34. g3 Bh3 35. Nf3 Bd6 36. Rh4 Bf5 37. Re1 Be4 38. Kg1 Rc8 39. Ng5 Bc5+ 40. Kf1 Be7 41. Rhxe4 dxe4 42. Nxe4 Ra8 43. Ke2 Ra2+ 44. Nd2 Bg5 45. Rd1 h5 46. Kd3 Be7 47. h3 Kf7 48. Ne4 Rh2 49. h4 Ke6 50. Kd4 Re2 51. c4 Bf8 52. c5 Bg7+ 53. Kd3 Ra2 54. Rc1 Ra3+ 55. Kc4 Ra4+ 56. Kd3 Ra3+ 57. Ke2 Be5 58. c6 Bc7 59. Ng5+ Kd5 60. Nf3 Ra2+ 61. Ke3 Ra3+ 62. Kf2 Ra2+ 63. Ke3 Rg2 64. Ne1 Rxg3+ 65. Kf2 Rh3 66. Nf3 Bb6+ 67. Kg2 Rxf3 68. Kxf3 Bc7 69. Rc2 Kd6 70. Kf4 Bd8 71. Kg3 Kc7 72. Kh3 Bf6 73. Rc4 g5 74. hxg5 Bxg5 75. Rc5 Bf6 76. Rc2 h4 77. Kg4 Be7 78. Kf5 Bd6 79. Rc3 Bg3 80. Ke6 Kc8 0-1